<?xml version="1.0" encoding="UTF-8"?>
<collection xmlns:xsi="http://www.w3.org/2001/XMLSchema-instance" xsi:schemaLocation="http://www.loc.gov/MARC21/slim http://www.loc.gov/standards/marcxml/schema/MARC21slim.xsd" xmlns="http://www.loc.gov/MARC21/slim">
 <record>
  <leader>00000cam a22000004i 4500</leader>
  <controlfield tag="001">UP-8027390931316279369</controlfield>
  <controlfield tag="003">Buklod</controlfield>
  <controlfield tag="005">20180604081930.0</controlfield>
  <controlfield tag="006">a     r    |||| u|</controlfield>
  <controlfield tag="007">ta</controlfield>
  <controlfield tag="008">180404t20182018xx m    r    a000 0|eng d</controlfield>
  <datafield tag="020" ind1=" " ind2=" ">
   <subfield code="a">9784866580173</subfield>
  </datafield>
  <datafield tag="020" ind1=" " ind2=" ">
   <subfield code="a">4866580178</subfield>
  </datafield>
  <datafield tag="035" ind1=" " ind2=" ">
   <subfield code="a">(iLib)UPMIN-00010656026</subfield>
  </datafield>
  <datafield tag="040" ind1=" " ind2=" ">
   <subfield code="a">HRM</subfield>
   <subfield code="b">eng</subfield>
   <subfield code="e">rda</subfield>
   <subfield code="c">HRM</subfield>
   <subfield code="d">MOZ</subfield>
   <subfield code="d">CPE</subfield>
   <subfield code="d">CBY</subfield>
   <subfield code="d">WVU</subfield>
   <subfield code="d">PAU</subfield>
   <subfield code="d">BTS</subfield>
   <subfield code="d">ORX</subfield>
   <subfield code="d">CWR</subfield>
  </datafield>
  <datafield tag="041" ind1="1" ind2=" ">
   <subfield code="a">eng</subfield>
   <subfield code="h">jpn</subfield>
  </datafield>
  <datafield tag="082" ind1="0" ind2="4">
   <subfield code="a">510.952</subfield>
   <subfield code="2">23</subfield>
  </datafield>
  <datafield tag="090" ind1=" " ind2=" ">
   <subfield code="a">QA27.J3</subfield>
   <subfield code="b">S24413 2018</subfield>
  </datafield>
  <datafield tag="100" ind1="1" ind2=" ">
   <subfield code="a">Sakurai, Susumu</subfield>
   <subfield code="d">1968-</subfield>
   <subfield code="e">author.</subfield>
  </datafield>
  <datafield tag="240" ind1="1" ind2="0">
   <subfield code="a">Edo no s?ugaku ky?okasho.</subfield>
   <subfield code="l">English.</subfield>
  </datafield>
  <datafield tag="245" ind1="1" ind2="0">
   <subfield code="a">Wasan</subfield>
   <subfield code="b">the fascination of traditional Japanese mathematics</subfield>
   <subfield code="c">Sakurai Susumu ; translated by Emma Ford, with Gaynor Sekimori.</subfield>
  </datafield>
  <datafield tag="250" ind1=" " ind2=" ">
   <subfield code="a">First English edition.</subfield>
  </datafield>
  <datafield tag="300" ind1=" " ind2=" ">
   <subfield code="a">178 pages</subfield>
   <subfield code="b">illustrations</subfield>
   <subfield code="c">21 cm.</subfield>
  </datafield>
  <datafield tag="490" ind1="1" ind2=" ">
   <subfield code="a">Japan library.</subfield>
  </datafield>
  <datafield tag="500" ind1=" " ind2=" ">
   <subfield code="a">&quot;This book is a translation of 'Much?u ni naru! Edo no s?ugaku' (Shueisha Inc., 2012) which was originally published under the title 'Edo no s?ugaku ky?okasho' by Shueisha International Inc. in 2009&quot;--Title page verso.</subfield>
  </datafield>
  <datafield tag="505" ind1="0" ind2=" ">
   <subfield code="a">Mathematics fever -- Wasan enthusiasts and ? [pi] -- Wasan, alive today -- Exercises.</subfield>
  </datafield>
  <datafield tag="520" ind1=" " ind2=" ">
   <subfield code="a">&quot;Wasan--a unique form of Japanese mathematics--was developed during the Edo period (1603-1868), a time when the entire country was isolated from the rest of the world. Mathematics was enjoyed as a form of entertainment by adults and children alike and by people of all social classes. Jink?oki, an extraordinary mathematics textbook, was used at private elementary schools called terakoya and became a bestseller that could be found in every household. Furthermore, world-class works were produced by Japanese mathematicians such as Seki Takakazu and Takebe Katahiro. This book explores the beauty and fascination surrounding wasan by providing a guided tour that goes back in time over three hundred years and navigates through the mysterious and incredible world of mathematical wizardry found during the Edo period in Japan&quot;--Dust jacket.</subfield>
  </datafield>
  <datafield tag="546" ind1=" " ind2=" ">
   <subfield code="a">Text in English.</subfield>
  </datafield>
  <datafield tag="650" ind1=" " ind2="0">
   <subfield code="a">Mathematics, Japanese.</subfield>
  </datafield>
  <datafield tag="700" ind1="1" ind2=" ">
   <subfield code="a">Ford, Emma</subfield>
   <subfield code="e">translator.</subfield>
  </datafield>
  <datafield tag="700" ind1="1" ind2=" ">
   <subfield code="a">Sekimori, Gaynor</subfield>
   <subfield code="e">translator.</subfield>
  </datafield>
  <datafield tag="700" ind1="1" ind2=" ">
   <subfield code="a">Sakurai, Susumu</subfield>
   <subfield code="d">1968-</subfield>
   <subfield code="t">Edo no s?ugaku ky?okasho.</subfield>
   <subfield code="l">English.</subfield>
  </datafield>
  <datafield tag="765" ind1="0" ind2=" ">
   <subfield code="a">Sakurai, Susumu, 1968-</subfield>
   <subfield code="s">Edo no s?ugaku ky?okasho.</subfield>
   <subfield code="t">Much?u ni naru!</subfield>
   <subfield code="d">T?oky?o : Kabushiki Kaisha Sh?ueisha, 2012.</subfield>
   <subfield code="k">Sh?ueisha bunko</subfield>
   <subfield code="z">9784087468762</subfield>
   <subfield code="w">(OCoLC)808340905.</subfield>
  </datafield>
  <datafield tag="830" ind1=" " ind2="0">
   <subfield code="a">Japan library (Shuppan Bunka Sangy?o Shink?o Zaidan)</subfield>
  </datafield>
  <datafield tag="852" ind1="0" ind2=" ">
   <subfield code="a">UPMIN</subfield>
   <subfield code="b">UPMIN-MAIN</subfield>
   <subfield code="h">QA27.J3</subfield>
   <subfield code="i">S24413 2018</subfield>
  </datafield>
  <datafield tag="942" ind1=" " ind2=" ">
   <subfield code="a">Book</subfield>
  </datafield>
 </record>
</collection>
